| 000 | 00850cam a22002537a 4500 | ||
|---|---|---|---|
| 020 | _a9789251056141 (pbk.) | ||
| 020 | _a9251056145 (pbk.) | ||
| 040 | _cOSU | ||
| 082 | 0 | 4 | _a363 UND 2OO6 C106 Or. |
| 245 | 0 | 0 | _aUnderstanding the Codex Alimentarius / |
| 246 | 3 | 0 | _aCodex Alimentarius |
| 250 | _a3rd ed. | ||
| 260 |
_aRome : _bWorld Health Organization : _bFood and Agriculture Organization of the United Nations, _c2006. |
||
| 300 |
_a39 p. : _bcol. ill. ; _c30 cm. |
||
| 500 | _a"TC/M/A0850E/1/11.06/5100"--P. 4 of cover. | ||
| 650 | 0 | _aFood law and legislation. | |
| 650 | 0 | _aFood industry and trade | |
| 650 | 0 | _aFood | |
| 650 | 0 | _aFood | |
| 710 | 2 | _aFood and Agriculture Organization of the United Nations. | |
| 710 | 2 | _aWorld Health Organization. | |
| 856 | 4 | 1 | _uhttp://www.loc.gov/catdir/toc/fy0802/2007456799.html |
| 942 | _cAEDBB | ||
| 999 |
_c20925 _d20925 |
||